El uso de blogs, wikis y redes sociales en la enseñanza de lenguas (Record no. 178643)

MARC details
000 -CABECERA
campo de control de longitud fija 01500nab a2200301 a 4500
005 - FECHA Y HORA DE LA ÚLTIMA TRANSACCIÓN
campo de control 20260114081941.0
008 - ELEMENTOS DE LONGITUD FIJA--INFORMACIÓN GENERAL
campo de control de longitud fija 991125c2014 sp qr p o 000 0 spa d
035 ## - NÚMERO DE CONTROL DEL SISTEMA
Número de control de sistema UPN01000206542
040 ## - FUENTE DE LA CATALOGACIÓN
Centro catalogador/agencia de origen MX-MxUPN
Lengua de catalogación spa
Centro/agencia transcriptor MX-MxUPN
Normas de descripción aacr2
049 ## - COLECCIÓN
Colección ART-E
100 1# - ASIENTO PRINCIPAL--NOMBRE PERSONAL
Nombre de persona Araujo Portugal, Juan Carlos
100 1# - ASIENTO PRINCIPAL--NOMBRE PERSONAL
Filiación juancarlos.araujo@yahoo.es
245 13 - MENCIÓN DE TÍTULO
Título El uso de blogs, wikis y redes sociales en la enseñanza de lenguas
506 0# - NOTA DE RESTRICCIONES AL ACCESO
Limitaciones de acceso Acceso abierto
520 3# - NOTA DE RESUMEN, ETC.
Sumario, etc. La Web 2.0 viene acompañada de una serie de herramientas que se utilizan para diversos fines. En este artículo se presta atención a tres de ellas en el ámbito de la enseñanza de lenguas: los blogs, los wikis y las redes sociales. Para ello se hace un repaso de los principales usos que se las ha dado en la enseñanza de idiomas y se presentan algunas propuestas para usarlas en las Escuelas Oficiales de Idiomas (EOI), los centros educativos españoles que imparten las enseñanzas especializadas de idiomas.
650 #2 - ASIENTO SECUNDARIO DE MATERIA - TERMINO TEMATICO
Término de materia o nombre geográfico como elemento de entrada Blogs
9 (RLIN) 22185
650 #4 - ASIENTO SECUNDARIO DE MATERIA - TERMINO TEMATICO
Término de materia o nombre geográfico como elemento de entrada Redes sociales
9 (RLIN) 15749
650 #7 - ASIENTO SECUNDARIO DE MATERIA - TERMINO TEMATICO
Término de materia o nombre geográfico como elemento de entrada Web 2.0
9 (RLIN) 48575
653 0# - TERMINO DE INDIZACION - NO CONTROLADO
Término no controlado Audiencia real
653 0# - TERMINO DE INDIZACION - NO CONTROLADO
Término no controlado Trabajo colaborativo
653 0# - TERMINO DE INDIZACION - NO CONTROLADO
Término no controlado Wikis
773 ## - ENLACE AL DOCUMENTO FUENTE/ENTRADA DE REGISTRO ANFITRIÓN
Parte(s) relacionada(s) No. 49 (2014), p. 1-27
Título Edutec : revista electrónica de tecnología educativa
Número Internacional Normalizado para Publicaciones Seriadas 1135-9250
856 4# - LOCALIZACIÓN Y ACCESO ELECTRÓNICOS
Identificador Uniforme del Recurso <a href="https://www.edutec.es/revista/index.php/edutec-e/article/view/227">https://www.edutec.es/revista/index.php/edutec-e/article/view/227</a>
856 4# - LOCALIZACIÓN Y ACCESO ELECTRÓNICOS
Identificador Uniforme del Recurso <a href="https://doi.org/10.21556/edutec.2014.49.227">https://doi.org/10.21556/edutec.2014.49.227</a>
902 ## - ELEMENTOS DE DATOS B LOCAL, LDB (RLIN)
Creó Gloria Jiménez/140126
905 ## - TIPO DE MATERIAL
Tipo de material Articulo
942 ## - ELEMENTOS DE PUNTO DE ACCESO ADICIONAL (KOHA)
Tipo de ítem Koha Artículo Electrónico
Holdings
Estado de retiro Estado de pérdida Estado dañado No para préstamo Código de colección Localización permanente Ubicación/localización actual Ubicación en estantería Fecha de adquisición Total de préstamos Fecha visto por última vez Identificador Uniforme del Recurso Precio válido a partir de Tipo de ítem Koha
        Acceso abierto Bib. Gregorio Torres Quintero Bib. Gregorio Torres Quintero En línea 14/01/2026   14/01/2026 https://doi.org/10.21556/edutec.2014.49.227 14/01/2026 Artículo Electrónico